[Event "Ruhrgebiet Verbandsklasse Gruppe 1 1718"]
[Site "Germany"]
[Date "2018.03.18"]
[Round "8.8"]
[White "Hibbeln, Christian"]
[Black "Berke, Martin"]
[Result "1-0"]
[WhiteElo "1734"]
[BlackElo "1748"]
[PlyCount "59"]
[EventDate "2017.09.17"]
[EventType "team-tourn"]
[EventRounds "9"]
[EventCountry "GER"]
[SourceTitle "EXT 2022"]
[Source "ChessBase"]
[SourceDate "2021.10.06"]
[SourceVersion "1"]
[SourceVersionDate "2021.10.06"]
[SourceQuality "1"]
[WhiteTeam "Oberhausen SW"]
[BlackTeam "Welper SV II"]
[WhiteTeamCountry "GER"]
[BlackTeamCountry "GER"]

1. d4 Nf6 2. Nc3 d5 3. Bg5 Bf5 4. e3 e6 5. Bd3 Bxd3 6. cxd3 Be7 7. e4 dxe4 8. Qb3 Nbd7 9. dxe4 Nb6 10. Nge2 0-0 11. f4 Nfd7 12. Bxe7 Qxe7 13. 0-0 c5 14. Rad1 cxd4 15. Nxd4 Nf6 16. Kh1 Ng4 17. Rd2 Rfd8 18. h3 Ne3 19. Rf3 Nec4 20. Rd1 Rd7 21. f5 e5 22. f6 gxf6 23. Nf5 Rxd1+ 24. Nxd1 Qd7 25. Rg3+ Kh8 26. Rg7 Nd6 27. Nde3 Rd8 28. Nxd6 Kxg7 29. Nef5+ Kh8 30. Nxf7+ 1-0

[Event "Ruhrgebiet Verbandsliga Gruppe 2 1617"]
[Site "Germany"]
[Date "2016.09.04"]
[Round "1.8"]
[White "Biermann, Lenhard"]
[Black "Berke, Martin"]
[Result "1-0"]
[WhiteElo "1821"]
[BlackElo "1767"]
[PlyCount "57"]
[EventDate "2016.09.04"]
[EventType "team-tourn"]
[EventRounds "9"]
[EventCountry "GER"]
[SourceTitle "EXT 2022"]
[Source "ChessBase"]
[SourceDate "2021.10.06"]
[SourceVersion "1"]
[SourceVersionDate "2021.10.06"]
[SourceQuality "1"]
[WhiteTeam "Bochum SG III"]
[BlackTeam "Welper SV II"]
[WhiteTeamCountry "GER"]
[BlackTeamCountry "GER"]

1. d4 Nf6 2. c4 e5 3. dxe5 Ng4 4. Bf4 g5 5. Bg3 Nc6 6. Nf3 Bg7 7. Nc3 Ngxe5 8. e3 Qe7 9. Nd5 Qd8 10. Nxg5 h6 11. Ne4 h5 12. h3 d6 13. Be2 Bf5 14. Nxc7+ Qxc7 15. Nxd6+ Kf8 16. Nxf5 Rd8 17. Qa4 Qd7 18. Nxg7 Qd2+ 19. Kf1 Kxg7 20. Bxe5+ Nxe5 21. Qb3 f6 22. Rd1 Qa5 23. f4 Nf7 24. Kf2 Nd6 25. Rd4 Rhe8 26. Rhd1 Re6 27. c5 Ne4+ 28. Rxe4 Rxe4 29. Qxb7+ 1-0

[Event "Ruhrgebiet Verbandsklasse 1516 Abstieg"]
[Site "Germany"]
[Date "2016.07.03"]
[Round "3.6"]
[White "Daemmrich, Lars"]
[Black "Berke, Martin"]
[Result "1/2-1/2"]
[WhiteElo "1897"]
[BlackElo "1742"]
[PlyCount "60"]
[EventDate "2016.06.19"]
[EventType "team-tourn"]
[EventRounds "3"]
[EventCountry "GER"]
[SourceTitle "EXT 2022"]
[Source "ChessBase"]
[SourceDate "2021.10.06"]
[SourceVersion "1"]
[SourceVersionDate "2021.10.06"]
[SourceQuality "1"]
[WhiteTeam "Annen Sport Union"]
[BlackTeam "Welper SV II"]
[WhiteTeamCountry "GER"]
[BlackTeamCountry "GER"]

1. e4 c5 2. Nf3 Nc6 3. d4 cxd4 4. Nxd4 Nf6 5. Nc3 e5 6. Nxc6 bxc6 7. a3 Bc5 8. Bc4 Rb8 9. 0-0 0-0 10. Bg5 h6 11. Bh4 a5 12. Rb1 d6 13. Kh1 Be6 14. Qe2 Qe7 15. f3 Kh8 16. Na4 Ba7 17. Bxf6 Qxf6 18. Bxe6 fxe6 19. Qa6 Qe7 20. Qxa5 d5 21. Rfe1 Rf4 22. Qd2 g5 23. Qe2 Rbf8 24. b3 g4 25. exd5 R8f5 26. fxg4 Rf2 27. Qd3 Qg5 28. Qg3 R5f4 29. h3 h5 30. dxc6 Qf6 1/2-1/2

[Event "Ruhrgebiet Verbandsklasse Gruppe 3 1415"]
[Site "Germany"]
[Date "2015.03.01"]
[Round "7.8"]
[White "Berke, Martin"]
[Black "Medger, Gernot"]
[Result "1-0"]
[WhiteElo "1784"]
[BlackElo "1811"]
[PlyCount "49"]
[EventDate "2014.09.21"]
[EventType "team-tourn"]
[EventRounds "9"]
[EventCountry "GER"]
[SourceTitle "EXT 2022"]
[Source "ChessBase"]
[SourceDate "2021.10.06"]
[SourceVersion "1"]
[SourceVersionDate "2021.10.06"]
[SourceQuality "1"]
[WhiteTeam "Welper SV II"]
[BlackTeam "Boenen SV"]
[WhiteTeamCountry "GER"]
[BlackTeamCountry "GER"]

1. e4 d6 2. d4 Nf6 3. Nc3 e5 4. Nf3 Nbd7 5. Bc4 Be7 6. h3 0-0 7. Be3 c6 8. Bb3 b5 9. a3 a5 10. g4 exd4 11. Nxd4 Bb7 12. g5 Ne8 13. Qh5 g6 14. Qh6 Ng7 15. h4 Ne5 16. f3 Nh5 17. 0-0-0 b4 18. Nce2 Re8 19. Nf5 Qc7 20. Nxe7+ Qxe7 21. Nf4 Nxf4 22. Bxf4 Nxf3 23. h5 Qf8 24. hxg6 Qxh6 25. gxf7+ 1-0

[Event "NRW Verbandsklasse Group2 1314"]
[Site "Nordrheinwestfalen"]
[Date "2013.11.03"]
[Round "3.7"]
[White "Berke, Martin"]
[Black "Langer, Raimund"]
[Result "1/2-1/2"]
[WhiteElo "1764"]
[BlackElo "1839"]
[PlyCount "48"]
[EventDate "2013.09.08"]
[EventType "team-tourn"]
[EventRounds "9"]
[EventCountry "GER"]
[SourceTitle "EXT 2020"]
[Source "ChessBase"]
[SourceDate "2019.10.17"]
[SourceVersion "1"]
[SourceVersionDate "2019.10.17"]
[SourceQuality "1"]
[WhiteTeam "Welper SV II"]
[BlackTeam "Kirchhellen SF"]
[WhiteTeamCountry "GER"]
[BlackTeamCountry "GER"]

1. e4 e5 2. Nf3 Nc6 3. Bb5 a6 4. Ba4 Nf6 5. d3 d6 6. c3 Be7 7. 0-0 0-0 8. Re1 Bg4 9. h3 Bd7 10. Nbd2 Re8 11. Nf1 Bf8 12. Bg5 h6 13. Bh4 Be7 14. Ne3 Nh7 15. Bxe7 Nxe7 16. Bb3 Ng6 17. Kh2 Nf4 18. Nd5 Nxd5 19. Bxd5 c6 20. Bb3 Qf6 21. Qd2 a5 22. d4 Rad8 23. Re3 Kh8 24. Ng1 Be6 1/2-1/2